00771 2200253 4500001002100000005001700021035002500038040001200063082001600075084001600091090001600107100002100123245015800144250001100302260003600313300004100349650002100390700002500411700002100436850001200457990001600469990001600485990001600501YOGYA00000000010035920150428111536.0 a0010-111300000000479 aYOPDYOG 2[22]a155.5 a155.5 Pot W a155.5 Pot W aPOTTS , KIMBERLY aWhats your mood ?b: Panduan inspiratif biar kamu enggak gampang betec/ Kimberly Potts ; penerjemah, Ratri Astutiningtyas ; penyunting, Ainia Prihantini aCet. 1 aYogyakartabBentang Beliac2011 a254 hlm.b: ilus.c; 21 cm. (3 eks.) aPsikologi Remaja aRatri Astutiningtyas aAinia Prihantini aYOPDYOG a3999/B.2013 a4000/B.2013 a4001/B.2013